[Event "10th Beirut Open-ch 2019"]
[Site "Beirut"]
[Date "2019.05.02"]
[Round "8.18"]
[White "Salman, Samer"]
[Black "Slim, Nadim"]
[Result "1/2-1/2"]
[WhiteElo "1505"]
[BlackElo "1781"]
[PlyCount "87"]
[EventDate "2019.04.25"]
[EventType "swiss"]
[EventRounds "9"]
[EventCountry "LBN"]
[TimeControl "5400+30"]

1. e4 c5 2. Nf3 Nc6 3. d4 cxd4 4. Nxd4 Nf6 5. Nc3 e5 6. Nf3 Bb4 7. Bd3 d5 8. exd5 Nxd5 9. Bd2 Nxc3 10. Bxc3 Bxc3+ 11. bxc3 O-O 12. O-O Bg4 13. Qe2 g6 14. h3 Bxf3 15. Qxf3 f5 16. Rfd1 Qe7 17. Qd5+ Kg7 18. Bb5 Rfd8 19. Qc4 Rac8 20. Rxd8 Qxd8 21. Qe6 Qe8 22. Qd6 Qe7 23. Rd1 Qxd6 24. Rxd6 Rd8 25. Rxd8 Nxd8 26. Kf1 Kf6 27. Ke2 Ke6 28. Bc4+ Kf6 29. Bd5 b6 30. Kd3 e4+ 31. Kc4 Ne6 32. Kb5 Nf4 33. c4 Nxg2 34. Ka6 Nf4 35. Kxa7 Nxd5 36. cxd5 f4 37. Kxb6 e3 38. fxe3 fxe3 39. d6 Ke6 40. Kc7 e2 41. d7 e1=Q 42. d8=Q Qa5+ 43. Kc8 Qa8+ 44. Kc7 1/2-1/2

[Event "10th Beirut Open-ch 2019"]
[Site "Beirut"]
[Date "2019.05.02"]
[Round "8.19"]
[White "Arkadan, Adib"]
[Black "Hanna, Elie"]
[Result "1-0"]
[WhiteElo "1686"]
[BlackElo "1726"]
[PlyCount "125"]
[EventDate "2019.04.25"]
[EventType "swiss"]
[EventRounds "9"]
[EventCountry "LBN"]
[TimeControl "5400+30"]

1. d4 Nf6 2. c4 e6 3. Nf3 c5 4. d5 exd5 5. cxd5 d6 6. e4 g6 7. Bd3 Bg7 8. O-O O-O 9. h3 b5 10. Re1 c4 11. Bc2 Bb7 12. a3 Nbd7 13. Nc3 a6 14. Bf4 Nc5 15. Qd2 Re8 16. Re2 Qb6 17. Rae1 Rad8 18. Bg5 a5 19. Nd4 b4 20. Na4 Nxa4 21. Bxa4 Re5 22. Nc6 Bxc6 23. Bxc6 c3 24. bxc3 bxc3 25. Qf4 Rxg5 26. Qxg5 Rb8 27. Qe3 Qxe3 28. Rxe3 c2 29. Ba4 Rb2 30. Rb3 Nxe4 31. Rxb2 Bxb2 32. Bxc2 Nc3 33. a4 Ba3 34. Bb3 Kg7 35. Re3 Bb4 36. g3 Nb1 37. Kf1 Bc5 38. Rd3 f5 39. Bc2 Na3 40. Rc3 Kf6 41. f4 g5 42. Bd3 h5 43. Kg2 Bb4 44. Rb3 h4 45. fxg5+ Kxg5 46. gxh4+ Kxh4 47. Bxf5 Nc4 48. Bg4 Bc5 49. Rb5 Ne3+ 50. Kf3 Nc4 51. Rb8 Kg5 52. Rg8+ Kf6 53. h4 Ne5+ 54. Kg3 Nf7 55. h5 Be3 56. Rg6+ Ke7 57. Re6+ Kf8 58. Rxe3 Ng5 59. Kf4 Nf7 60. Re6 Kg7 61. Re7 Kf6 62. Rxf7+ Kxf7 63. Kf5 1-0

[Event "10th Beirut Open-ch 2019"]
[Site "Beirut"]
[Date "2019.05.02"]
[Round "8.20"]
[White "Haidar, Wassim"]
[Black "Berbari, Imad"]
[Result "0-1"]
[WhiteElo "1707"]
[BlackElo "1666"]
[PlyCount "118"]
[EventDate "2019.04.25"]
[EventType "swiss"]
[EventRounds "9"]
[EventCountry "LBN"]
[TimeControl "5400+30"]

1. Nf3 g6 2. g3 c5 3. d3 Nc6 4. Bg2 Rb8 5. c4 Bg7 6. Nc3 a6 7. Bf4 d6 8. O-O h6 9. h4 Nf6 10. Qc1 Bd7 11. Re1 Kf8 12. e4 e5 13. Bd2 Kg8 14. Nh2 Nb4 15. Bf1 Qc8 16. a3 Nc6 17. f4 Bh3 18. f5 Bxf1 19. Rxf1 Nd4 20. Qd1 b5 21. Nd5 Nxd5 22. cxd5 h5 23. Nf3 Nxf3+ 24. Qxf3 Qd7 25. f6 Bh6 26. Bxh6 Rxh6 27. Qe3 Rh8 28. Kg2 Kh7 29. Qe2 Rhc8 30. Rf5 Rh8 31. Rxh5+ Kg8 32. Rg5 Kf8 33. Rh1 Qd8 34. Qf3 Qa5 35. Rf1 Qd2+ 36. Rf2 Qc1 37. Qg4 Rh6 38. h5 Rd8 39. Rgf5 Rh7 40. Rg5 Rh6 41. Rgf5 Rh7 42. Rf1 gxf5 43. Qxf5 Qh6 44. g4 Rh8 45. Rf2 Rg8 46. Kg3 Rg5 47. Qf3 Kg8 48. Rh2 Kh7 49. Rh3 Rdg8 50. Rh4 Qf8 51. Qf2 Qc8 52. Qf3 c4 53. d4 exd4 54. Qf4 Qd7 55. h6 d3 56. e5 dxe5 57. Qe4+ R8g6 58. d6 d2 59. Qd5 Rxg4+ 0-1

[Event "10th Beirut Open-ch 2019"]
[Site "Beirut"]
[Date "2019.05.02"]
[Round "8.21"]
[White "Muhssen, Fared Saleh"]
[Black "Al Azmi, Khalaf"]
[Result "1-0"]
[WhiteElo "1898"]
[BlackElo "1740"]
[PlyCount "103"]
[EventDate "2019.04.25"]
[EventType "swiss"]
[EventRounds "9"]
[EventCountry "LBN"]
[TimeControl "5400+30"]

1. d4 Nf6 2. Nf3 d5 3. c4 c6 4. Nc3 Bg4 5. Ne5 Bf5 6. e3 h6 7. cxd5 cxd5 8. Bb5+ Nbd7 9. Qb3 e6 10. Bxd7+ Nxd7 11. Qxb7 Nxe5 12. dxe5 Be7 13. Qb5+ Qd7 14. Qxd7+ Kxd7 15. O-O Rab8 16. Rd1 Kc6 17. b3 Rhc8 18. Bb2 Bb4 19. Rac1 Kd7 20. Kf1 Rc6 21. Ne2 Ra6 22. a4 Ba5 23. Nd4 Bg6 24. Ke2 Rb7 25. Ba3 Bc7 26. Rc3 Bxe5 27. Rdc1 Bd6 28. Bxd6 Rxd6 29. f4 a6 30. g4 Be4 31. Rc6 Rxc6 32. Rxc6 Ra7 33. a5 Bb1 34. Kd2 g6 35. Kc1 Bd3 36. Kb2 Rb7 37. Kc3 Bf1 38. Rb6 Rxb6 39. axb6 Bh3 40. Kb4 Bf1 41. Kc5 Bd3 42. Nc6 Kc8 43. Na5 Kd7 44. b4 Be2 45. h3 h5 46. gxh5 gxh5 47. h4 Bb5 48. Nb3 Bf1 49. Nd4 Bd3 50. Nc6 Kc8 51. Ne5 Bg6 52. Kc6 1-0

[Event "10th Beirut Open-ch 2019"]
[Site "Beirut"]
[Date "2019.05.02"]
[Round "8.22"]
[White "Djikerian, Rafi"]
[Black "Terzian, Kevork"]
[Result "1/2-1/2"]
[WhiteElo "1833"]
[BlackElo "1731"]
[PlyCount "63"]
[EventDate "2019.04.25"]
[EventType "swiss"]
[EventRounds "9"]
[EventCountry "LBN"]
[TimeControl "5400+30"]

1. e4 d6 2. Bc4 Nf6 3. d3 g6 4. Nf3 Bg7 5. O-O O-O 6. Nc3 c5 7. Be3 Nc6 8. a3 a6 9. h3 h6 10. Qd2 Kh7 11. Rab1 b5 12. Ba2 b4 13. axb4 Nxb4 14. Bc4 Bb7 15. Ne2 Qc7 16. Nh2 d5 17. exd5 Nbxd5 18. Bxd5 Nxd5 19. c3 Nxe3 20. fxe3 e5 21. Rf2 Rad8 22. Qc2 f5 23. Rc1 Qd6 24. Qb3 Bd5 25. Qa3 Qb6 26. Nf1 Bb7 27. c4 e4 28. dxe4 Bxb2 29. Rb1 Bxa3 30. Rxb6 Bxe4 31. Nf4 Rg8 32. Rxa6 1/2-1/2

[Event "10th Beirut Open-ch 2019"]
[Site "Beirut"]
[Date "2019.05.02"]
[Round "8.23"]
[White "Al Onizan, Fahad M"]
[Black "Kabalan, Farah"]
[Result "1-0"]
[WhiteElo "1822"]
[BlackElo "1602"]
[PlyCount "37"]
[EventDate "2019.04.25"]
[EventType "swiss"]
[EventRounds "9"]
[EventCountry "LBN"]
[TimeControl "5400+30"]

1. e4 e5 2. Nf3 Nc6 3. Bb5 a6 4. Ba4 d6 5. O-O Nf6 6. Qe2 b5 7. Bb3 Bg4 8. c3 Be7 9. a4 Na5 10. Bc2 c6 11. d3 h6 12. Be3 O-O 13. Nbd2 c5 14. h3 Bh5 15. g4 Bg6 16. Nh4 Nxe4 17. Nxg6 Nxd2 18. Nxe7+ Qxe7 19. Bxd2 1-0

[Event "10th Beirut Open-ch 2019"]
[Site "Beirut"]
[Date "2019.05.02"]
[Round "8.24"]
[White "Jabr, Bernard"]
[Black "Eid, Wissam"]
[Result "1-0"]
[WhiteElo "1679"]
[BlackElo "1568"]
[PlyCount "29"]
[EventDate "2019.04.25"]
[EventType "swiss"]
[EventRounds "9"]
[EventCountry "LBN"]
[TimeControl "5400+30"]

1. e4 c5 2. c3 d6 3. d4 cxd4 4. cxd4 Nf6 5. Nc3 e6 6. Nf3 a6 7. Bd3 Nc6 8. a3 Be7 9. h4 O-O 10. e5 Nd5 11. Bxh7+ Kxh7 12. Ng5+ Kg8 13. Qh5 Bxg5 14. hxg5 f5 15. g6 1-0

[Event "10th Beirut Open-ch 2019"]
[Site "Beirut"]
[Date "2019.05.03"]
[Round "9.1"]
[White "Raetsky, Alexander"]
[Black "Bernadskiy, Vitaliy"]
[Result "0-1"]
[WhiteElo "2394"]
[BlackElo "2572"]
[Annotator "RC"]
[PlyCount "100"]
[EventDate "2019.04.25"]
[EventType "swiss"]
[EventRounds "9"]
[EventCountry "LBN"]
[TimeControl "5400+30"]

1. d4 d5 2. c4 e6 3. Nf3 a6 4. cxd5 exd5 5. Nc3 c6 6. Qc2 Bd6 7. Bg5 Ne7 8. e3 f6 9. Bh4 Bf5 10. Bd3 Bxd3 11. Qxd3 Qd7 12. Bg3 Qf5 13. Qxf5 Nxf5 14. Bxd6 Nxd6 15. Na4 Nd7 16. Rc1 O-O 17. Nc5 Nxc5 18. dxc5 Nc4 19. b3 Ne5 20. Ke2 Nxf3 21. Kxf3 Rae8 22. Rhd1 Re4 23. Rd2 f5 24. g3 Kf7 25. h4 Kf6 26. Ke2 Rfe8 27. Rc3 f4 28. Kf3 fxe3 29. Rxe3 a5 30. a3 h5 31. Rd1 Rxe3+ 32. fxe3 Re4 33. Rd4 Ke5 34. Rd1 g6 35. Re1 a4 36. Rb1 d4 37. exd4+ Rxd4 38. bxa4 Rxa4 39. Rxb7 Rxa3+ 40. Kf2 Rc3 41. Rg7 Kf6 42. Rc7 Rxc5 43. Kf3 Rc3+ 44. Kf4 Rc4+ 45. Kf3 Ke5 46. Re7+ Kd6 47. Rg7 Rg4 48. Rg8 c5 49. Rd8+ Ke5 50. Rd1 c4 0-1

[Event "10th Beirut Open-ch 2019"]
[Site "Beirut"]
[Date "2019.05.03"]
[Round "9.2"]
[White "Karpatchev, Aleksandr"]
[Black "Kotanjian, Tigran"]
[Result "1/2-1/2"]
[WhiteElo "2423"]
[BlackElo "2458"]
[Annotator "TA"]
[PlyCount "62"]
[EventDate "2019.04.25"]
[EventType "swiss"]
[EventRounds "9"]
[EventCountry "LBN"]

{[%evp 29,62,1,2,0,12,0,0,-14,-4,-15,-16,-27,-10,-25,-25,-23,-25,-34,-5,-33,-27,-39,0,0,0,0,0,0,0,0,0,0,0,0,73]} 1. e4 c5 2. c3 d5 3. exd5 Qxd5 4. d4 Nf6 5. Nf3 Bg4 6. Be2 e6 7. h3 Bh5 8. O-O Nc6 9. Be3 cxd4 10. Nxd4 Bxe2 11. Qxe2 Nxd4 12. Bxd4 Be7 13. Rd1 Qc6 14. Nd2 {[%cal Bb1d2,Bd2f3,Bf3e5][%mdl 32]} O-O 15. Nf3 Rfd8 16. Ne5 {B22: Sicilian: 2 c3} Qe4 17. Qxe4 Nxe4 18. Be3 Bc5 19. Bxc5 $146 ({Predecessor:} 19. Nc4 Bxe3 20. Nxe3 Kf8 21. Kf1 {½-½ (21) Rabiega,R (2498)-Fedorovsky,M (2498) Germany 2016}) 19... Nxc5 20. b3 f6 21. Nf3 e5 22. c4 Kf7 23. Kf1 Ke7 24. Ke2 Ne6 25. g3 Rxd1 26. Rxd1 {The position is equal.} Rd8 (26... g5 {seems wilder.} 27. Ke3 h5 28. Rd5 b6 29. h4 g4) 27. Rxd8 Nxd8 $15 {KN-KN} 28. Kd3 Kd6 29. a3 Nf7 30. Nd2 f5 31. b4 g5 {Accuracy: White = 61%, Black = 46%.} (31... g6 $11) 1/2-1/2

[Event "10th Beirut Open-ch 2019"]
[Site "Beirut"]
[Date "2019.05.03"]
[Round "9.3"]
[White "Bajarani, Ulvi"]
[Black "Khairallah, Faisal"]
[Result "1-0"]
[WhiteElo "2470"]
[BlackElo "2255"]
[Annotator "TA"]
[PlyCount "109"]
[EventDate "2019.04.25"]
[EventType "swiss"]
[EventRounds "9"]
[EventCountry "LBN"]

{[%evp 9,109,24,56,49,44,36,42,45,36,29,37,41,46,42,62,72,63,42,89,75,139,129,142,139,179,169,234,172,172,76,78,72,85,64,84,43,55,43,114,-178,161,128,190,186,233,224,281,273,389,383,382,376,362,356,445,441,443,474,472,466,539,539,620,549,618,487,542,534,596,586,660,658,658,650,750,725,685,675,684,684,674,669,645,654,647,643,727,720,1431,1442,29980,29981,29980,29982,29980,29981,29981,29982,29983,29984,29993,29994]} 1. d4 f5 2. g3 Nf6 3. Bg2 e6 4. c4 c6 5. Nh3 d6 (5... d5 6. O-O Bd6 7. Bf4 Be7 8. Qc2 O-O 9. Rd1 h6 10. Nc3 Qe8 11. Rac1 g5 12. Be5 Nbd7 13. f3 Nxe5 14. dxe5 Nd7 15. f4 dxc4 16. Nb1 gxf4 17. gxf4 {½-½ (55) Aronian,L (2792)-Carlsen,M (2855) Leuven 2016}) 6. O-O {A90: Dutch Defence: Miscellaneous and Modern Stonewall (with ...Bd6)} e5 7. dxe5 dxe5 8. Qxd8+ {White is slightly better.} Kxd8 9. Ng5 {Hoping for Nf7+.} Ke8 10. e4 h6 $146 ({Predecessor:} 10... Bd6 11. exf5 Bxf5 12. Nc3 Nbd7 13. Nge4 {½-½ (62) Kaganskiy,G (2315)-Khmelniker,I (2225) Tel Aviv 2002}) 11. Nf3 $36 {[%mdl 2048] White has good play.} fxe4 12. Nxe5 Bf5 13. Nc3 Bd6 14. Bf4 g5 ({Black should try} 14... Bxe5 15. Bxe5 Nbd7) 15. Ng4 $16 gxf4 16. Nxf6+ Ke7 17. Nfxe4 Be5 (17... Bb4 $142 18. a3 (18. gxf4 Na6 $18) 18... Bxc3) 18. Rad1 Na6 19. Ne2 (19. Rfe1 $18 {has better winning chances.}) 19... Bxe4 20. Bxe4 Nc5 21. Bg2 a5 22. b3 Rad8 23. Bf3 h5 (23... fxg3 $14 24. hxg3 (24. fxg3 Rhf8 $14) 24... Rxd1 25. Rxd1 h5) 24. Bxh5 $2 {[%mdl 8192] [#]} (24. Nxf4 $16 {and life is bright. And now Ng6+ would win.} Bxf4 25. Rfe1+ (25. gxf4 Nd3 $16) 25... Kf6 26. gxf4) 24... Kf6 $4 {[%mdl 8192]} (24... Rxd1 $19 25. Rxd1 Rxh5 26. gxf4 Bc7) 25. Bf3 ({Of course not} 25. Nxf4 $6 Rdg8 $11) 25... Rdg8 (25... fxg3 $16 {was called for.} 26. fxg3 Ke7) 26. Kg2 $18 Rg7 27. h3 Ne6 28. Bg4 Bc7 (28... Re7 $142 29. h4 Nc5) 29. Bxe6 Kxe6 30. Nd4+ Kf6 31. g4 Rd7 {Threatening ...Rhd8.} 32. Nf3 Rhd8 33. Rxd7 Rxd7 {[%mdl 4096] Endgame KRB-KRN} 34. Re1 a4 35. bxa4 Rd3 36. h4 Ra3 37. Ng5 f3+ 38. Nxf3 Rxa2 39. Ng5 Bb6 40. Re6+ Kg7 41. Re7+ Kg8 42. Ne4 Rxa4 43. c5 Ba5 44. Nf6+ Kf8 45. Rxb7 Bc3 46. Nd7+ Ke8 47. Kf3 Ra2 48. g5 Bd4 49. Nf6+ Bxf6 50. gxf6 {KR-KR. White mates.} Ra3+ 51. Kg4 Ra1 52. h5 Rh1 53. Kg5 Rg1+ 54. Kf5 Rh1 55. f7+ {Accuracy: White = 70%, Black = 32%.} 1-0

[Event "10th Beirut Open-ch 2019"]
[Site "Beirut"]
[Date "2019.05.03"]
[Round "9.4"]
[White "Khodashenas, Mersad"]
[Black "Eiti, Bashir"]
[Result "1-0"]
[WhiteElo "2470"]
[BlackElo "2352"]
[PlyCount "81"]
[EventDate "2019.04.25"]
[EventType "swiss"]
[EventRounds "9"]
[EventCountry "LBN"]
[TimeControl "5400+30"]

1. e4 d5 2. exd5 Nf6 3. d4 Qxd5 4. Nc3 Qa5 5. Nf3 c6 6. Bd2 Bg4 7. h3 Bh5 8. Bc4 Qd8 9. g4 Bg6 10. Qe2 e6 11. O-O-O b5 12. Bb3 b4 13. Na4 Be7 14. Ne5 Qxd4 15. Rhe1 Nfd7 16. Nf3 Qd6 17. Bh6 Qc7 18. Bxg7 Rg8 19. Bh6 Nb6 20. Nxb6 axb6 21. h4 Nd7 22. h5 Nc5 23. hxg6 Rxg6 24. g5 Nxb3+ 25. axb3 Ra1+ 26. Kd2 Ra5 27. Qe4 Rd5+ 28. Ke2 Bxg5 29. Bxg5 Rgxg5 30. Qxh7 Rh5 31. Qg8+ Ke7 32. Qg4 c5 33. Rxd5 Rxd5 34. Rd1 Rxd1 35. Kxd1 Qa7 36. Qg5+ Kf8 37. Ne5 Qa1+ 38. Qc1 Qa8 39. Qh6+ Ke7 40. Qg5+ Kf8 41. Nd7+ 1-0

[Event "10th Beirut Open-ch 2019"]
[Site "Beirut"]
[Date "2019.05.03"]
[Round "9.5"]
[White "Cherniaev, Alexander"]
[Black "El Jawich, Amro"]
[Result "0-1"]
[WhiteElo "2401"]
[BlackElo "2238"]
[PlyCount "112"]
[EventDate "2019.04.25"]
[EventType "swiss"]
[EventRounds "9"]
[EventCountry "LBN"]
[TimeControl "5400+30"]

1. e4 c5 2. Na3 g6 3. Nf3 Bg7 4. c3 d5 5. exd5 Nf6 6. Bb5+ Nbd7 7. d4 O-O 8. d6 exd6 9. O-O a6 10. Bxd7 Bxd7 11. Bf4 Bc6 12. Nc2 Re8 13. h3 Ne4 14. Be3 f5 15. Nd2 Qh4 16. dxc5 dxc5 17. Nxe4 Qxe4 18. f3 Qe7 19. Qd2 Rad8 20. Qf2 b6 21. Rfe1 Qc7 22. Bg5 Rc8 23. Qh4 b5 24. Ne3 Be5 25. Nf1 Qf7 26. a3 a5 27. Rad1 Bd5 28. Rd2 Bb3 29. Rde2 Bg7 30. Re7 Rxe7 31. Rxe7 Qf8 32. Ra7 a4 33. Be7 Qe8 34. Bf6 Bf7 35. Re7 Qc6 36. Bxg7 Kxg7 37. Qf4 Kg8 38. h4 Re8 39. Rc7 Qd5 40. Kf2 Qd1 41. Qd2 Qxd2+ 42. Nxd2 Rd8 43. Ke1 Re8+ 44. Kf2 Rd8 45. Nf1 f4 46. Rxc5 Bc4 47. Re5 Rd1 48. Re1 Rd5 49. Rc1 Kf7 50. Rc2 Rd1 51. Ne3 fxe3+ 52. Kxe3 Re1+ 53. Kf2 Rd1 54. Ke3 Ke6 55. Kf4 h6 56. g4 Re1 0-1

[Event "10th Beirut Open-ch 2019"]
[Site "Beirut"]
[Date "2019.05.03"]
[Round "9.6"]
[White "Ivanov, Mikhail M"]
[Black "Najjar, Ahmad"]
[Result "1-0"]
[WhiteElo "2372"]
[BlackElo "2233"]
[PlyCount "73"]
[EventDate "2019.04.25"]
[EventType "swiss"]
[EventRounds "9"]
[EventCountry "LBN"]
[TimeControl "5400+30"]

1. b3 c5 2. Bb2 Nc6 3. c4 e6 4. Nf3 Nf6 5. g3 d5 6. cxd5 exd5 7. Bg2 Bd6 8. O-O O-O 9. d4 Be6 10. Nc3 b6 11. Rc1 Rc8 12. e3 Qd7 13. Qd2 cxd4 14. Nxd4 Nxd4 15. Qxd4 Bc5 16. Qf4 Bh3 17. Rfd1 Bxg2 18. Kxg2 Qe6 19. Nb5 Qe4+ 20. Qxe4 dxe4 21. Bxf6 gxf6 22. Nxa7 Rcd8 23. Nb5 Rd3 24. Rxd3 exd3 25. Rd1 Rd8 26. Nd4 Bxd4 27. Rxd3 Ra8 28. Rxd4 Rxa2 29. Rd6 b5 30. Rb6 Kg7 31. Rxb5 Kg6 32. b4 Rb2 33. Rb8 f5 34. Kf3 Kf6 35. Rb6+ Ke7 36. h4 Kd7 37. Rf6 1-0

[Event "10th Beirut Open-ch 2019"]
[Site "Beirut"]
[Date "2019.05.03"]
[Round "9.7"]
[White "Dimitrijevic, Aleksandra"]
[Black "Asmar, Elie"]
[Result "1-0"]
[WhiteElo "2175"]
[BlackElo "2009"]
[PlyCount "97"]
[EventDate "2019.04.25"]
[EventType "swiss"]
[EventRounds "9"]
[EventCountry "LBN"]
[TimeControl "5400+30"]

1. d4 Nf6 2. Nf3 g6 3. e3 Bg7 4. Be2 O-O 5. O-O d6 6. c4 c5 7. h3 Nc6 8. Nc3 cxd4 9. exd4 e5 10. Be3 exd4 11. Nxd4 d5 12. cxd5 Nxd5 13. Nxc6 bxc6 14. Nxd5 cxd5 15. Bd4 Be6 16. Bxg7 Kxg7 17. Qd4+ Qf6 18. Rfd1 Qxd4 19. Rxd4 Rfc8 20. b4 Rc2 21. Bf1 Rb2 22. b5 Rc8 23. a4 Kf6 24. a5 h5 25. Rdd1 Ke5 26. g3 Rcc2 27. b6 axb6 28. a6 Rc8 29. Rdb1 Rxb1 30. Rxb1 Rb8 31. Rxb6 Ra8 32. f4+ Kd4 33. Kf2 Kc5 34. Rb1 Bc8 35. Rc1+ Kb6 36. Rb1+ Kc7 37. Ra1 Kb6 38. Ke3 Ra7 39. Kd4 Re7 40. Kxd5 Re3 41. a7 Bb7+ 42. Kd4 Re4+ 43. Kd3 Re8 44. Kd4 Re4+ 45. Kc3 Re3+ 46. Bd3 Re8 47. Bc4 Rf8 48. Kd4 f6 49. Bd5 1-0

[Event "10th Beirut Open-ch 2019"]
[Site "Beirut"]
[Date "2019.05.03"]
[Round "9.8"]
[White "Kaloust, Giorgio"]
[Black "Sursock, Sameer"]
[Result "0-1"]
[WhiteElo "1919"]
[BlackElo "2048"]
[PlyCount "56"]
[EventDate "2019.04.25"]
[EventType "swiss"]
[EventRounds "9"]
[EventCountry "LBN"]
[TimeControl "5400+30"]

1. d4 Nf6 2. c4 g6 3. Nc3 Bg7 4. e4 d6 5. f3 O-O 6. Be3 b6 7. Bd3 a6 8. Qd2 c5 9. e5 cxd4 10. Bxd4 dxe5 11. Bxe5 Nc6 12. Bg3 Nb4 13. Rd1 Be6 14. b3 Ra7 15. a3 Nxd3+ 16. Qxd3 Rd7 17. Qe3 Ng4 18. Rxd7 Nxe3 19. Rxd8 Rxd8 20. Ke2 Nxc4 21. Ne4 Nxa3 22. Bc7 Rd7 23. Bxb6 Bxb3 24. Nh3 Bc4+ 25. Kf2 f5 26. Nc5 Rd5 27. Nf4 Bd4+ 28. Kg3 Be5 0-1

[Event "10th Beirut Open-ch 2019"]
[Site "Beirut"]
[Date "2019.05.03"]
[Round "9.9"]
[White "Novikova, Margarita"]
[Black "Moudallal, Tarek"]
[Result "0-1"]
[WhiteElo "2032"]
[BlackElo "2043"]
[PlyCount "98"]
[EventDate "2019.04.25"]
[EventType "swiss"]
[EventRounds "9"]
[EventCountry "LBN"]
[TimeControl "5400+30"]

1. d4 Nf6 2. Nf3 g6 3. Bf4 Bg7 4. h3 O-O 5. e3 d6 6. Be2 Nc6 7. O-O Qe8 8. c4 e5 9. Bh2 Nd7 10. Nc3 f5 11. Nd5 Qd8 12. b4 e4 13. Nd2 Nf6 14. Nxf6+ Qxf6 15. Qb3 Kh8 16. b5 Ne7 17. f3 exf3 18. Rxf3 Qh4 19. Bg3 Qh6 20. h4 Bf6 21. Rf4 Qg7 22. Raf1 h6 23. d5 g5 24. hxg5 hxg5 25. R4f3 f4 26. exf4 g4 27. Rd3 Bf5 28. Re3 Bd4 29. Bf2 Bxe3 30. Qxe3 Bd7 31. Qg3 Rae8 32. Nb3 Kg8 33. Bd4 Nf5 34. Qd3 Nxd4 35. Nxd4 Qh6 36. Qg3 Qg7 37. Qd3 Re7 38. f5 Qg5 39. Ne6 Bxe6 40. dxe6 Rg7 41. g3 Qf6 42. Qd5 c6 43. bxc6 bxc6 44. Qxc6 Qe5 45. Rf2 Qxg3+ 46. Qg2 Qe3 47. Qd5 Kh8 48. f6 g3 49. Qh5+ Rh7 0-1

[Event "10th Beirut Open-ch 2019"]
[Site "Beirut"]
[Date "2019.05.03"]
[Round "9.10"]
[White "Nassar, Marc"]
[Black "Hassweh, Mwaffaq"]
[Result "1-0"]
[WhiteElo "1909"]
[BlackElo "1866"]
[PlyCount "55"]
[EventDate "2019.04.25"]
[EventType "swiss"]
[EventRounds "9"]
[EventCountry "LBN"]
[TimeControl "5400+30"]

1. e4 e5 2. f4 Bc5 3. Nf3 d6 4. c3 a6 5. d4 exd4 6. cxd4 Ba7 7. Nc3 Nf6 8. Be2 Nc6 9. O-O O-O 10. Kh1 Re8 11. e5 dxe5 12. fxe5 Nd5 13. Bd3 h6 14. Bb1 Bg4 15. Qd3 f5 16. exf6 Nxf6 17. Bxh6 Qd7 18. Bg5 Bxf3 19. gxf3 Qxd4 20. Qc2 Qc4 21. Qg2 Qf7 22. a3 Qe7 23. Ba2+ Kf8 24. Qh3 Qd7 25. Qh8+ Ke7 26. Qxg7+ Kd8 27. Qxf6+ Kc8 28. Rad1 {... 36 moves} 1-0

[Event "10th Beirut Open-ch 2019"]
[Site "Beirut"]
[Date "2019.05.03"]
[Round "9.12"]
[White "Al Salman, Mohamad"]
[Black "Sharbel, Marwan"]
[Result "1/2-1/2"]
[WhiteElo "1958"]
[BlackElo "1973"]
[PlyCount "102"]
[EventDate "2019.04.25"]
[EventType "swiss"]
[EventRounds "9"]
[EventCountry "LBN"]
[TimeControl "5400+30"]

1. d4 d5 2. c4 e6 3. Nc3 c6 4. Nf3 dxc4 5. e4 b5 6. a3 Nf6 7. Be2 Be7 8. O-O a6 9. Bg5 Nbd7 10. e5 Nd5 11. Ne4 O-O 12. Qd2 Bxg5 13. Nfxg5 h6 14. Nh3 c5 15. f4 cxd4 16. Qxd4 Qb6 17. Qxb6 N7xb6 18. Kf2 Bd7 19. Bf3 Rac8 20. Rfd1 Rfd8 21. Rd2 Rc7 22. Rad1 Kf8 23. g4 Ke7 24. Kg3 c3 25. bxc3 Nxc3 26. Nxc3 Rxc3 27. Rd3 Rxd3 28. Rxd3 Bc8 29. Rc3 Nc4 30. Nf2 f6 31. Nd3 fxe5 32. Nxe5 Nxe5 33. fxe5 Kd7 34. Bc6+ Ke7 35. Bf3 Bd7 36. Rc7 Rc8 37. Ra7 Rc5 38. Bg2 Rc3+ 39. Kf2 Rc5 40. Be4 Kd8 41. Ra8+ Bc8 42. Bb7 Kd7 43. Bxc8+ Rxc8 44. Rxa6 Rc3 45. Rd6+ Ke7 46. Rb6 Rc5 47. Rb7+ Kf8 48. Kf3 Rxe5 49. Kf4 Re2 50. h4 Ra2 51. Rxb5 Rxa3 1/2-1/2

[Event "10th Beirut Open-ch 2019"]
[Site "Beirut"]
[Date "2019.05.03"]
[Round "9.13"]
[White "Khoder, Akram"]
[Black "Hariri, Nizar"]
[Result "0-1"]
[WhiteElo "1608"]
[BlackElo "1958"]
[PlyCount "136"]
[EventDate "2019.04.25"]
[EventType "swiss"]
[EventRounds "9"]
[EventCountry "LBN"]
[TimeControl "5400+30"]

1. c4 e6 2. g3 d5 3. cxd5 exd5 4. Bg2 Nf6 5. d3 c6 6. Nf3 Bd6 7. O-O O-O 8. Nc3 Re8 9. Re1 Bg4 10. Qc2 Nbd7 11. Bd2 Ne5 12. Nxe5 Bxe5 13. f3 Qb6+ 14. Kh1 Bh5 15. e4 Rad8 16. Be3 d4 17. Na4 Qb5 18. Bd2 Bc7 19. Rac1 Nd7 20. Nc5 Nxc5 21. Qxc5 Qxd3 22. Bg5 Bxf3 23. Bxd8 Bxg2+ 24. Kxg2 Qd2+ 25. Kh1 Rxd8 26. Qa3 Qh6 27. Qd3 Qe6 28. Qc4 Qg6 29. Rcd1 Be5 30. b4 h5 31. Qc5 f6 32. Rd3 Qg4 33. Kg2 a6 34. a4 h4 35. h3 Qe6 36. Re2 hxg3 37. Qc2 Kf7 38. Qb3 Qxb3 39. Rxb3 Ke6 40. a5 g5 41. Kf3 Rh8 42. Kg2 Rh4 43. Rd3 g4 44. hxg4 Rxg4 45. Re1 Rh4 46. Re2 Rh2+ 47. Kf3 Rh1 48. Rb2 Rc1 49. Kg4 Rc3 50. Rbd2 Rc4 51. Rb2 Bd6 52. Rdb3 Rc1 53. Rd3 Bxb4 54. Kxg3 c5 55. Kf4 Rf1+ 56. Kg4 Ke5 57. Rf3 Rg1+ 58. Kh5 Kxe4 59. Rxf6 d3 60. Rff2 Ke3 61. Rh2 d2 62. Rb3+ Kd4 63. Rh4+ Kd5 64. Rd3+ Kc6 65. Rxb4 cxb4 66. Rxd2 Kb5 67. Rd7 Kxa5 68. Rxb7 Ka4 0-1

[Event "10th Beirut Open-ch 2019"]
[Site "Beirut"]
[Date "2019.05.03"]
[Round "9.14"]
[White "Berbari, Imad"]
[Black "Arkadan, Adib"]
[Result "1/2-1/2"]
[WhiteElo "1666"]
[BlackElo "1686"]
[PlyCount "62"]
[EventDate "2019.04.25"]
[EventType "swiss"]
[EventRounds "9"]
[EventCountry "LBN"]
[TimeControl "5400+30"]

1. b3 e5 2. Bb2 Nc6 3. e3 d5 4. Bb5 Bd6 5. f4 f6 6. Nh3 Qe7 7. O-O Nh6 8. Qh5+ Qf7 9. Qxf7+ Nxf7 10. fxe5 fxe5 11. Nf2 O-O 12. a3 a6 13. Be2 Be6 14. Bg4 Bxg4 15. Nxg4 h5 16. Nf2 Nh6 17. Nc3 Ne7 18. d3 Rf7 19. Nh3 Raf8 20. Rxf7 Rxf7 21. Ng5 Rf5 22. Nf3 Rf6 23. Ne2 Nf7 24. c4 c6 25. b4 Rh6 26. e4 d4 27. Bc1 Rf6 28. Ng3 g6 29. Bd2 Kg7 30. c5 Bc7 31. h4 Nd8 1/2-1/2